000 002750000a22001330004500
003 MACL
040 _aMACL
090 _c4562
_d4561
100 _aSadani, Jaikishandas
245 _aWisdom of Upanishads
350 _a70
650 _aWiley Eastern Limited
942 _cBOOK
_k294
999 _c4528
_d4528